Statistics for Taylor Swift 34

Click here to take the quiz!

General Stats

  • This quiz has been taken 14 times
    (7 since last reset)
  • The average score is 351 of 496

Answer Stats

Answer% Correct
a
100%
I
100%
in
100%
is
100%
on
100%
the
100%
to
100%
you
100%
your
100%
and
80%
be
80%
home
80%
I'd
80%
if
80%
I'm
80%
it
80%
it's
80%
I've
80%
know
80%
me
80%
my
80%
night
80%
now
80%
of
80%
oh
80%
one
80%
right
80%
that
80%
that's
80%
too
80%
want
80%
we
80%
were
80%
when
80%
you're
80%
all
60%
around
60%
away
60%
baby
60%
back
60%
bed
60%
blue
60%
boy
60%
but
60%
'cause
60%
darling
60%
dreams
60%
even
60%
first
60%
for
60%
four
60%
friends
60%
from
60%
gonna
60%
had
60%
kiss
60%
like
60%
makes
60%
met
60%
moon
60%
once
60%
or
60%
paper
60%
read
60%
rings
60%
so
60%
takes
60%
things
60%
this
60%
three
60%
times
60%
two
60%
uh
60%
up
60%
waited
60%
wake
60%
watch
60%
went
60%
which
60%
with
60%
without
60%
wouldn't
60%
accidents
40%
alright
40%
arms
40%
beside
40%
books
40%
breathe
40%
brother's
40%
cat
40%
cold
40%
color
40%
complications
40%
dirty
40%
dreary
40%
drive
40%
except
40%
exes
40%
fights
40%
flaws
40%
frames
40%
gave
40%
hate
40%
here
40%
high
40%
honey
40%
huh
40%
icy
40%
internet
40%
jumped
40%
life
40%
long
40%
marry
40%
Mondays
40%
month
40%
mouse
40%
outdoor
40%
painted
40%
picture
40%
pool
40%
shiny
40%
shoulder
40%
stalk
40%
standing
40%
street
40%
tall
40%
tried
40%
twice
40%
wall
40%
whole
40%
wine
40%
winter
40%
wrap
40%
ah
20%

Score Distribution

Percentile by Number Answered

Percent of People with Each Score

Your Score History

You have not taken this quiz since the last reset